| 000 | 02011nam a2200337 a 4500 | ||
|---|---|---|---|
| 999 |
_c489819 _d489819 |
||
| 003 | BLK | ||
| 005 | 20250710115959.0 | ||
| 008 | 180408b bul|||||r ||||||| ||bul|| | ||
| 020 | _a9789544749569 | ||
| 040 | _aBLK | ||
| 041 |
_aBUL _cBUL |
||
| 080 |
_aИндивидуална психология. Психология на личността. Индивидуалност. Психология на характера. Характерология. Психологическа типология _b159.923 _z159.923 |
||
| 080 |
_aИздания за деца и юноши. Книжки-картинки. Читанки. Вж и 372.4 _b087.5 _x:159.923 _z087.5:159.923 |
||
| 100 |
_aЧопра, Малика _9486842 |
||
| 139 | _aЧопра, Малика | ||
| 245 |
_aПросто бъди, какъвто си _bЗадавай въпроси, определяй намерения, бъди специален - какъвто си, и още _cМалика Чопра ; ил. от Брена Воън ; послесл. Дипак Чопра ; прев. от англ. Мариана Николова. |
||
| 260 |
_aСофия _bКибеа _c2022 _fСофия : Симолини 94 _9209528 |
||
| 300 |
_a120 с. _bс цв. ил. _c24 см |
||
| 380 | _aDN | ||
| 500 | _aОриг. загл.: Just be you / Mallika Chopra. - Възприетата форма на името на авт. на послесл. Дипак Чопра е Дийпак Чопра. - За авт., ил.: с. 2. | ||
| 650 | 0 |
_aПсихология, детска _9260666 |
|
| 650 | 7 |
_aСамоусъвършенстване _9170201 |
|
| 653 | 7 |
_aдеца _9184884 |
|
| 700 |
_aВоън, Брена _eил. _9486844 |
||
| 700 | 1 |
_aЧопра, Дийпак _eпослесл. _9142219 |
|
| 700 |
_aНиколова, Мариана Георгиева _eпрев. _9370441 |
||
| 852 |
_aЦб 316906 _bЦб |
||
| 856 |
_i0.00 _ldisable |
||
| 942 |
_cKNG _n0 _s1 _06 |
||
| 944 |
_aCR _c2023-03-22 _lБояна Костадинова _k30551 |
||